000 00735nam a2200253Ia 4500
003 OSt
005 20220930082125.0
006 a|||||r|||| 00| 0
007 ta
008 220926b |||||||| |||| 00| 0 hin d
024 _a118096
037 _cTheses
040 _aCRL
_cCRL
_bhin
041 _2hin
_ahin
100 _aNayak Vibha
_9542916
110 _aUniversity of Delhi. Faculty of Arts. Department of Hindi
245 0 _aYaunkarmi mahilao ka jeewan aur hindi patrikaye
260 _c2010
650 _aHINDI LITERATURE
_923866
700 _a Dr. Tej Singh Gu.
700 _aUniversity of Delhi. Faculty of Arts. Department of Hindi
942 _cDIS
_2CC
999 _c872542
_d872542